000 00215 a2200097 4500
001 17606
100 _aMises R V
245 _aAdvances in applied mechanics
260 _a
_bAcademic Press
_c
090 _c12997
_d12997
942 _aNUST-CAE
_cM
_c3332
999 _c252679
_d252679